| 000 | 01367nam a2200289 a 4500 | ||
|---|---|---|---|
| 001 | 000044795 | ||
| 003 | DO-SdBNP | ||
| 005 | 20240313073819.0 | ||
| 007 | ta | ||
| 008 | 150112s2014 dr 000 0 spa d | ||
| 020 | _a9789945412970 | ||
| 040 |
_aDO-SdBNP _bspa _cBNPHU |
||
| 082 | 4 |
_bT772p _222 |
|
| 245 | 0 | 0 |
_aTransporte Público : _by otros temas periodísticos / _cMariela Mejía ... [et al.]. ; ilustración Paolar de la Cruz |
| 260 |
_aSanto Domingo : _bFUNGLODE, _c2014. |
||
| 300 |
_a120 p. ; _c23 cm. |
||
| 505 | 0 |
_gPrimer lugar _tTransporte público _rMariela Mejía y Tania Molina _gSegundo lugar _tMafia del tráfico y la trata humana _rLeisy Torres _gTercer lugar _tMadres enfrentan violencia y escollos judiciales al exigir manutención _rFelivia Mejía _gMención _tNiños pedigüeños no tienen dolientes _rMercedes González _gMención _tEl béisbol, la lotería de muchas familias dominicans _rNicanor Leyba _gMención _tEscuelas inclusivas. Realidad a medias en RD _rTania Molina |
|
| 586 | _aPremio FUNGLODE de periodismo Rafael Herrera 2013 | ||
| 590 | _aInventariado, 2023/BT | ||
| 700 | 1 |
_aMolina, Tania _972817 |
|
| 700 | 1 |
_aTorres, Leisy _971366 |
|
| 700 | 1 |
_aMejía, Felivia _972818 |
|
| 700 | 1 |
_aGonzález, Mercedes _972819 |
|
| 700 | 1 |
_aLeyba, Nicanor _972820 |
|
| 710 | 2 |
_aFundación Global Democracía y Desarrollo _925477 |
|
| 942 |
_2ddc _cLBS1 |
||
| 999 |
_c44284 _d44284 |
||